Decision support and business intelligence systems / (Record no. 26057)
[ view plain ]
| 000 -LEADER | |
|---|---|
| fixed length control field | 01369cam a22003735i 4500 |
| 001 - CONTROL NUMBER | |
| control field | 014604528 |
| 003 - CONTROL NUMBER IDENTIFIER | |
| control field | EG-ScBUE |
| 005 - DATE AND TIME OF LATEST TRANSACTION | |
| control field | 20210228092459.0 |
| 008 - FIXED-LENGTH DATA ELEMENTS--GENERAL INFORMATION | |
| fixed length control field | 080425t2007 njua frb 001 0 eng d |
| 020 ## - INTERNATIONAL STANDARD BOOK NUMBER | |
| International Standard Book Number | 9780131580176 |
| 020 ## - INTERNATIONAL STANDARD BOOK NUMBER | |
| International Standard Book Number | 0131580175 |
| 040 ## - CATALOGING SOURCE | |
| Original cataloging agency | IeDuTC |
| Language of cataloging | eng |
| Description conventions | rda |
| Transcribing agency | IeDuTC |
| Modifying agency | Uk |
| -- | EG-ScBUE |
| -- | EG-ScBUE |
| 082 04 - DEWEY DECIMAL CLASSIFICATION NUMBER | |
| Classification number | 658.4038011 |
| Item number | TUR |
| Edition number | 22 |
| 100 1# - MAIN ENTRY--PERSONAL NAME | |
| Personal name | Turban, Efraim, |
| Relator term | author. |
| 245 00 - TITLE STATEMENT | |
| Title | Decision support and business intelligence systems / |
| Statement of responsibility, etc | Efraim Turban, University of Hawaii [and three other]. |
| 250 ## - EDITION STATEMENT | |
| Edition statement | Eighth edition. |
| 250 ## - EDITION STATEMENT | |
| Edition statement | Pearson international edition. |
| 264 #1 - PUBLICATION, DISTRIBUTION, ETC. (IMPRINT) | |
| Place of publication, distribution, etc | Upper Saddle River, New Jersey : |
| Name of publisher, distributor, etc | Prentice Hall / Pearson Education International, |
| Date of publication, distribution, etc | [2007] |
| 264 #4 - PUBLICATION, DISTRIBUTION, ETC. (IMPRINT) | |
| Date of publication, distribution, etc | c2007 |
| 300 ## - PHYSICAL DESCRIPTION | |
| Extent | xxviii, 772 pages : |
| Other physical details | illustrations ; |
| Dimensions | 26 cm |
| 336 ## - CONTENT TYPE | |
| Content type term | text |
| Content type code | txt |
| Source | rdacontent |
| 337 ## - MEDIA TYPE | |
| Media type term | unmediated |
| Media type code | n |
| Source | rdamedia |
| 338 ## - CARRIER TYPE | |
| Carrier type term | volume |
| Carrier type code | nc |
| Source | rdacarrier |
| 504 ## - BIBLIOGRAPHY, ETC. NOTE | |
| Bibliography, etc | Includes bibliographical references and index. |
| 650 #7 - SUBJECT ADDED ENTRY--TOPICAL TERM | |
| Topical term or geographic name as entry element | Decision support systems. |
| Source of heading or term | BUEsh |
| 9 (RLIN) | 4283 |
| 650 #7 - SUBJECT ADDED ENTRY--TOPICAL TERM | |
| Topical term or geographic name as entry element | Business intelligence |
| General subdivision | Data processing. |
| Source of heading or term | BUEsh |
| 9 (RLIN) | 30124 |
| 650 #7 - SUBJECT ADDED ENTRY--TOPICAL TERM | |
| Topical term or geographic name as entry element | Expert systems (Computer science) |
| Source of heading or term | BUEsh |
| 9 (RLIN) | 4240 |
| 651 ## - SUBJECT ADDED ENTRY--GEOGRAPHIC NAME | |
| Source of heading or term | BUEsh |
| 653 ## - INDEX TERM--UNCONTROLLED | |
| Resource For college | Informatics and Computer Science |
| Arrived date list | January2018 |
| -- | August2020 |
| 700 1# - ADDED ENTRY--PERSONAL NAME | |
| Personal name | Aronson, Jay E., |
| Relator term | author. |
| 700 1# - ADDED ENTRY--PERSONAL NAME | |
| Personal name | Liang, Ting-Peng, |
| Relator term | author. |
| 700 1# - ADDED ENTRY--PERSONAL NAME | |
| Personal name | Sharda, Ramesh, |
| Relator term | author. |
| 9 (RLIN) | 30125 |
| 942 ## - ADDED ENTRY ELEMENTS (KOHA) | |
| Source of classification or shelving scheme | Dewey Decimal Classification |
| Koha item type | Book - Borrowing |
| Withdrawn status | Lost status | Source of classification or shelving scheme | Damaged status | Not for loan | Collection code | Home library | Current library | Shelving location | Date acquired | Total Checkouts | Full call number | Barcode | Date last seen | Date checked out | Price effective from | Koha item type | Source of acquisition |
|---|---|---|---|---|---|---|---|---|---|---|---|---|---|---|---|---|---|
| Dewey Decimal Classification | Baccah | Central Library | Central Library | First floor | 31/01/2018 | 1 | 658.4038011 TUR | 000047206 | 15/07/2025 | 24/06/2018 | 31/01/2018 | Book - Borrowing | |||||
| Dewey Decimal Classification | Baccah | Central Library | Central Library | First floor | 25/08/2020 | 658.4038011 TUR | 000049272 | 15/07/2025 | 25/08/2020 | Book - Borrowing | Purchase |